| 000 | 00650cam a22002171 4500 | ||
|---|---|---|---|
| 001 | ca 36001540 | ||
| 003 | DLC | ||
| 005 | 20260227111144.0 | ||
| 008 | 830418s1920 vauk 000 0 eng | ||
| 010 | _aca 36001540 | ||
| 035 | _a(OCoLC)9421003 | ||
| 040 |
_aDLC _cVi _dVi _dOCoLC _dDLC |
||
| 042 | _apremarc | ||
| 050 | 0 | 0 |
_aHG2563 _b.F45 1920 |
| 082 | _a332.110973 | ||
| 110 | 2 | _aFederal Reserve Bank of Richmond. | |
| 245 | 1 | 0 | _aQuestions and answers on the Federal Reserve system. |
| 260 |
_aRichmond, Va., _bFederal Reserve Bank of Richmond, _c1920. |
||
| 300 |
_avi, 101 p. _bfront., fold. form. _c20 cm. |
||
| 650 | 0 | _aFederal Reserve banks. | |
| 999 |
_c18316 _d18316 |
||